Länder mit genau einem Bundesliga-Spieler - Statistiken

Allgemein
  • Dieses Quiz wurde 55 mal gespielt
  • Das Durchschnittsergebnis liegt bei 9 aus 22
Antwortstatistiken
Spiele Nation Spieler % Korrekt
1 Liechtenstein Sandro Wieser
69%
5 Nordkorea Chong Tese
60%
183 Syrien Mahmoud Dahoud
58%
15 Irak Jiloan Hamad
56%
108 Lettland Artjoms Rudnevs
56%
3 Thailand Withaya Laohakul
52%
144 Gabun Pierre-Emerick Aubameyang
50%
21 Malta Michael Mifsud
48%
5 Bolivien Marcelo Moreno
46%
2 Aserbaidschan Deniz Yilmaz
42%
17 Panama Andres Andrade
42%
22 Guinea-Bissau Almami Moreira
38%
30 Simbabwe Knowledge Musona
38%
12 Kambodscha Chhunly Pagenburg
35%
31 Sierra Leone Gibril Sankoh
35%
3 Tadschikistan Alexander Huber
35%
9 Trinidad und Tobago Evans Vise
33%
5 Färöer Joan Simun Edmundsson
21%
49 Seychellen Michael Mancienne
17%
17 Komoren Myziane Maolida
13%
149 Guadeloupe Jerome Roussillon
4%
3 Martinique Johan Audel
4%
Keine übereinstimmenden Quizze gefunden
Verteilung der Resultate
Anzahl Personen mit jedem Resultat
Perzentil nach korrekt beantworteten Fragen
Ihre Resultats-Entwicklung
Sie haben dieses Quiz noch nicht gespielt